Normal view MARC view

Entry Personal Name

Number of records used in: 1

001 - CONTROL NUMBER

  • control field: 21160

003 - CONTROL NUMBER IDENTIFIER

  • control field: OSt

005 - DATE AND TIME OF LATEST TRANSACTION

  • control field: 20210129165535.0

008 - FIXED-LENGTH DATA ELEMENTS

  • fixed length control field: 210129|| aca||aabn | a|a d

040 ## - CATALOGING SOURCE

  • Original cataloging agency: OSt
  • Transcribing agency: OSt

100 ## - HEADING--PERSONAL NAME

  • Personal name: Boussebaa, Mehdi.

670 ## - SOURCE DATA FOUND

  • Source citation: Work cat.: (OSt)514586: Boussebaa, Mehdi. , In the shadow of empire: Global Britain and the UK business school

Powered by Koha